[Event "FIDE WCC Rapid 2016 Men"]
[Site "Doha"]
[Date "2016.12.26"]
[Round "1"]
[White "Tari, Aryan"]
[Black "Dubov, Daniil"]
[Result "1-0"]
[WhiteElo "2584"]
[BlackElo "2660"]
[PlyCount "103"]
[EventDate "2016.??.??"]
[EventType "rapid"]
[EventCountry "QAT"]
[SourceTitle "playchess.com"]
[Source "ChessBase"]

1. e4 e5 2. Nf3 Nc6 3. Bb5 a6 4. Ba4 Nf6 5. O-O Be7 6. d3 b5 7. Bb3 d6 8. a4
Na5 9. Ba2 b4 10. Nbd2 O-O 11. Nc4 c5 12. c3 Nc6 13. Bg5 Rb8 14. Ne3 Be6 15.
Bc4 Bxc4 16. Nxc4 Nd7 17. Bxe7 Qxe7 18. Re1 Nb6 19. Ne3 Na5 20. d4 cxd4 21.
cxd4 Rfc8 22. Qd3 Nac4 23. Nf5 Qf6 24. b3 Na5 25. Rac1 Rxc1 26. Rxc1 g6 27. Ne3
Qe6 28. Nd2 Rc8 29. Rxc8+ Qxc8 30. dxe5 dxe5 31. h4 Nc6 32. Nf3 a5 33. Qb5 Qc7
34. Ng4 Kg7 35. Ngxe5 Nxe5 36. Qxe5+ Qxe5 37. Nxe5 Kf6 38. Nd3 Ke6 39. f3 f5
40. Kf2 fxe4 41. fxe4 Nd7 42. Ke3 Kd6 43. Kd4 Nf8 44. Kc4 Kc6 45. Ne5+ Kd6 46.
Nf3 Ne6 47. e5+ Kc7 48. g3 Kb6 49. Kd5 Ng7 50. Nd4 Nh5 51. g4 Nf4+ 52. Ke4 1-0

[Event "FIDE WCC Rapid 2016 Men"]
[Site "Doha"]
[Date "2016.12.26"]
[Round "1"]
[White "Aleksandrov, Aleksej"]
[Black "Inarkiev, Ernesto"]
[Result "0-1"]
[WhiteElo "2574"]
[BlackElo "2709"]
[PlyCount "84"]
[EventDate "2016.??.??"]
[EventType "rapid"]
[EventCountry "QAT"]
[SourceTitle "playchess.com"]
[Source "ChessBase"]

1. d4 Nf6 2. c4 e6 3. Nc3 Bb4 4. e3 O-O 5. Nge2 d5 6. a3 Be7 7. cxd5 exd5 8. g3
Nbd7 9. Bg2 Nb6 10. O-O Re8 11. h3 c6 12. b3 Bd6 13. f3 c5 14. Nb5 Bf8 15. dxc5
Bxc5 16. Nbd4 Nbd7 17. Bd2 Ne5 18. Be1 Bd7 19. a4 Nc6 20. Bf2 Qb6 21. g4 h6 22.
Qc2 Rac8 23. Qb2 Nxd4 24. Nxd4 Bxd4 25. Qxd4 Qxd4 26. exd4 Rc3 27. Rab1 Rec8
28. Rfd1 Nh7 29. Be1 Rc2 30. Bg3 Ng5 31. h4 Nxf3+ 32. Bxf3 R8c3 33. Rf1 Bxg4
34. Bxd5 Rxg3+ 35. Kh1 Be6 36. Bxb7 Rh3+ 37. Kg1 Rxh4 38. Rf2 Rc7 39. Bg2 Rxd4
40. b4 Rcc4 41. Rfb2 Bf5 42. Rf1 g6 0-1

[Event "FIDE WCC Rapid 2016 Men"]
[Site "Doha"]
[Date "2016.12.26"]
[Round "2"]
[White "Christiansen, Johan-Sebastian"]
[Black "Agdestein, Simen"]
[Result "1/2-1/2"]
[WhiteElo "2429"]
[BlackElo "2602"]
[PlyCount "151"]
[EventDate "2016.??.??"]
[EventType "rapid"]
[EventCountry "QAT"]
[SourceTitle "playchess.com"]
[Source "ChessBase"]

1. Nf3 d5 2. c4 e6 3. g3 g6 4. Bg2 Bg7 5. O-O Nc6 6. d4 Nge7 7. e3 O-O 8. Qe2
b6 9. Nbd2 Ba6 10. b3 Na5 11. Ba3 c5 12. Rac1 Qc7 13. Rfd1 Rac8 14. Qe1 dxc4
15. bxc4 Rfd8 16. Bh3 Rb8 17. dxc5 bxc5 18. Ne4 Rxd1 19. Qxd1 Rd8 20. Qa4 Bb7
21. Nxc5 Bxf3 22. Na6 Qd7 23. Qxa5 Nc6 24. Qa4 Qd2 25. Bg2 Ne5 26. Bxf3 Nxf3+
27. Kg2 Ne1+ 28. Rxe1 Qxe1 29. Be7 Qd1 30. Qb5 Rc8 31. Qb7 Re8 32. c5 Be5 33.
Bd6 Bxd6 34. Qd7 Qd5+ 35. Kg1 Qd1+ 36. Kg2 Qd5+ 37. Kg1 Bxc5 38. Qxe8+ Bf8 39.
Qa4 h5 40. h4 Qd2 41. Nb8 Qc1+ 42. Kg2 Qc7 43. Nc6 Qb7 44. Kg1 a6 45. Nd4 Bc5
46. Nb3 Be7 47. Qc4 Kg7 48. Nd4 Bf6 49. Nb3 Qb5 50. Qxb5 axb5 51. Kf1 Kf8 52.
Ke2 Ke7 53. Kd3 Kd6 54. e4 Bb2 55. Kc2 Ba3 56. Kd3 e5 57. Kc3 f5 58. Kd3 Bb4
59. Ke3 Ke6 60. Kf3 Bd6 61. Ke3 Bf8 62. Kd3 Kd6 63. Ke3 Be7 64. Kf3 Kc6 65. Ke3
b4 66. Kd3 Kb5 67. Nd2 Bc5 68. Nf3 Bxf2 69. Nxe5 Bxg3 70. Nxg6 fxe4+ 71. Kxe4
Ka4 72. Ne7 Bxh4 73. Nc6 Be1 74. Nxb4 Kxb4 75. Kf3 h4 76. Ke4 1/2-1/2

[Event "FIDE WCC Rapid 2016 Men"]
[Site "Doha"]
[Date "2016.12.26"]
[Round "2"]
[White "Melkumyan, Hrant"]
[Black "Atabayev, Maksat"]
[Result "1-0"]
[WhiteElo "2633"]
[BlackElo "2492"]
[PlyCount "52"]
[EventDate "2016.??.??"]
[EventType "rapid"]
[EventCountry "QAT"]
[SourceTitle "playchess.com"]
[Source "ChessBase"]

1. Nf3 Nf6 2. c4 e6 3. g3 d5 4. b3 Be7 5. Bg2 O-O 6. O-O c5 7. cxd5 Nxd5 8. Bb2
Bf6 9. d4 cxd4 10. Nxd4 Nc6 11. Nxc6 bxc6 12. Bxf6 Qxf6 13. Nd2 Ba6 14. Re1 Qe7
15. Qc2 c5 16. Rac1 Rac8 17. Qb2 f5 18. Nc4 f4 19. Qe5 Rcd8 20. Bf3 Rf6 21. Na5
Bb5 22. Rcd1 Qf7 23. Nc4 Bc6 24. Nd6 Qe7 25. Ne4 Rh6 26. Qg5 Qf8 1-0

[Event "FIDE WCC Rapid 2016 Men"]
[Site "Doha"]
[Date "2016.12.26"]
[Round "2"]
[White "Inarkiev, Ernesto"]
[Black "Quparadze, Giga"]
[Result "1/2-1/2"]
[WhiteElo "2709"]
[BlackElo "2481"]
[PlyCount "171"]
[EventDate "2016.??.??"]
[EventType "rapid"]
[EventCountry "QAT"]
[SourceTitle "playchess.com"]
[Source "ChessBase"]

1. d4 Nf6 2. c4 e6 3. Nf3 Bb4+ 4. Bd2 c5 5. Bxb4 cxb4 6. g3 b6 7. Bg2 Bb7 8.
O-O O-O 9. Qb3 a5 10. a3 Na6 11. Nbd2 d5 12. Rfd1 Rc8 13. cxd5 Nxd5 14. a4 Nb8
15. Ne5 Nc6 16. Ndc4 Nce7 17. e4 Nf6 18. Qe3 Ba6 19. b3 Re8 20. Rac1 b5 21.
axb5 Bxb5 22. Qf4 Rf8 23. g4 a4 24. g5 Ne8 25. bxa4 Bxa4 26. Rd3 Bb5 27. Qd2
Nc6 28. Bf1 Nd6 29. Nxd6 Qxd6 30. Nc4 Qe7 31. Rh3 Rcd8 32. d5 Bxc4 33. Rxc4 Ne5
34. Rxb4 f6 35. f4 Ng6 36. f5 exf5 37. exf5 Ne5 38. g6 hxg6 39. fxg6 Qc5+ 40.
Kh1 Rxd5 41. Qa2 Rfd8 42. Rb5 Qd4 43. Re3 Nxg6 44. Rxd5 Rxd5 45. Rd3 Qe4+ 46.
Kg1 Nf4 47. Rxd5 Qe3+ 48. Kh1 Qe4+ 49. Kg1 Qe3+ 50. Qf2 Nxd5 51. Bc4 Qc1+ 52.
Qf1 Qd2 53. Qf2 Qd1+ 54. Qf1 Qd4+ 55. Kh1 Kf8 56. Qd3 Qa1+ 57. Qf1 Qe5 58. Qd3
Qe1+ 59. Qf1 Qe4+ 60. Kg1 Ne3 61. Qe2 Qd4 62. Bb3 g5 63. Qf3 Kg7 64. Qe2 g4 65.
Kf2 Qf4+ 66. Kg1 Qd4 67. Kf2 Nf5+ 68. Kg2 Kh6 69. Be6 Ne3+ 70. Kf2 Qf4+ 71. Ke1
Kg5 72. Ba2 f5 73. Qd3 Qe5 74. Kf2 Qf4+ 75. Ke1 Qb4+ 76. Ke2 f4 77. Qd8+ Kf5
78. Qd7+ Ke4 79. Qe6+ Kd4 80. Qf6+ Kc5 81. Qe7+ Kb5 82. Qxb4+ Kxb4 83. Be6 Kc3
84. Bxg4 Nxg4 85. Kf3 Nxh2+ 86. Kxf4 1/2-1/2

[Event "FIDE WCC Rapid 2016 Men"]
[Site "Doha"]
[Date "2016.12.26"]
[Round "3"]
[White "Aronian, Levon"]
[Black "Amin, Bassem"]
[Result "1-0"]
[WhiteElo "2785"]
[BlackElo "2662"]
[PlyCount "87"]
[EventDate "2016.??.??"]
[EventType "swiss"]
[EventCountry "QAT"]
[SourceTitle "playchess.com"]
[Source "ChessBase"]

1. c4 e5 2. g3 d6 3. Bg2 g6 4. d4 Bg7 5. dxe5 dxe5 6. Qxd8+ Kxd8 7. Nc3 c6 8.
b3 Bf5 9. Ba3 Nd7 10. O-O-O Ngf6 11. Nf3 Ke8 12. h3 h5 13. Nd2 Bf8 14. Bb2 Bh6
15. e4 Be6 16. Kc2 h4 17. g4 Nh7 18. Nf3 g5 19. Nd5 f6 20. Nc7+ Kf7 21. Nxa8
Rxa8 22. Rd2 Bf8 23. Rhd1 Ke8 24. Ne1 Be7 25. Bf1 Nhf8 26. Ng2 Nc5 27. f3 a5
28. Ne3 Na6 29. Nf5 Bxf5 30. exf5 Rd8 31. Rxd8+ Bxd8 32. Bc3 Nd7 33. a3 Ke7 34.
b4 axb4 35. axb4 c5 36. bxc5 Ndxc5 37. Bd3 Bc7 38. Be4 b6 39. Bc6 Bd6 40. Rb1
Nb8 41. Rxb6 Bc7 42. Rb5 Kd6 43. Be4 Nba6 44. Rb1 1-0

[Event "FIDE WCC Rapid 2016 Men"]
[Site "Doha"]
[Date "2016.12.26"]
[Round "3"]
[White "Lu, Shanglei"]
[Black "Vachier-Lagrave, Maxime"]
[Result "0-1"]
[WhiteElo "2627"]
[BlackElo "2804"]
[PlyCount "72"]
[EventDate "2016.??.??"]
[EventType "swiss"]
[EventCountry "QAT"]
[SourceTitle "playchess.com"]
[Source "ChessBase"]

1. e4 c5 2. Nf3 d6 3. Bb5+ Nd7 4. c3 Ngf6 5. Qe2 a6 6. Ba4 e6 7. Bc2 b5 8. d4
Bb7 9. O-O Be7 10. Rd1 O-O 11. Bf4 cxd4 12. cxd4 Rc8 13. Bd3 e5 14. dxe5 Nh5
15. Be3 dxe5 16. Nc3 Nhf6 17. Bc2 b4 18. Nd5 Nxd5 19. exd5 Bd6 20. Ng5 Nf6 21.
Bf5 Rb8 22. f3 h6 23. Ne4 Nxd5 24. Rac1 Re8 25. Qf2 Qe7 26. Bc5 Bxc5 27. Qxc5
Qxc5+ 28. Nxc5 Ne3 29. Bd7 Nxd1 30. Bxe8 Nxb2 31. Bd7 a5 32. Kf2 Bd5 33. Rb1
Nc4 34. Rd1 Nb6 35. Na4 Nxa4 36. Rxd5 Nb6 0-1

[Event "FIDE WCC Rapid 2016 Men"]
[Site "Doha"]
[Date "2016.12.26"]
[Round "3"]
[White "Adly, Ahmed"]
[Black "Melkumyan, Hrant"]
[Result "0-1"]
[WhiteElo "2599"]
[BlackElo "2633"]
[PlyCount "212"]
[EventDate "2016.??.??"]
[EventType "swiss"]
[EventCountry "QAT"]
[SourceTitle "playchess.com"]
[Source "ChessBase"]

1. d4 Nf6 2. Nf3 d5 3. g3 g6 4. Bg2 Bg7 5. c4 O-O 6. cxd5 Nxd5 7. O-O Nb6 8.
Nc3 Nc6 9. e3 a5 10. Nh4 a4 11. f4 Nb4 12. a3 N4d5 13. e4 Nxc3 14. bxc3 c5 15.
Be3 Nc4 16. Bf2 Qa5 17. Qe2 Qa6 18. e5 cxd4 19. cxd4 b5 20. Bxa8 Qxa8 21. g4
Qd5 22. Qf3 Qxf3 23. Nxf3 Bxg4 24. Bh4 Re8 25. Rf2 Bxf3 26. Rxf3 e6 27. d5 exd5
28. Rd1 Bf8 29. Rxd5 Nxa3 30. Rfd3 b4 31. Rd8 Rxd8 32. Rxd8 b3 33. Rb8 Kg7 34.
Bf6+ Kh6 35. Kg2 Bg7 36. Be7 Nc4 37. Kf3 b2 38. Ke2 a3 39. Bxa3 Nxa3 40. Rxb2
Nc4 41. Rb7 Bxe5 42. fxe5 Nxe5 43. Rb5 f6 44. Rb7 g5 45. Kf2 Kg6 46. Rb6 Kf5
47. Kg3 h5 48. h4 g4 49. Rb8 Nf3 50. Rh8 Kg6 51. Rg8+ Kh7 52. Ra8 Kg7 53. Rb8
Nd4 54. Kf4 Nf3 55. Kg3 Ne5 56. Rb5 Kh6 57. Ra5 Kg6 58. Kf4 Nf3 59. Kg3 Nd4 60.
Kf4 Ne6+ 61. Ke4 Ng7 62. Rb5 Ne8 63. Rb6 Ng7 64. Rb5 Ne6 65. Ra5 Nd8 66. Ra8
Ne6 67. Rg8+ Kh7 68. Ra8 Ng7 69. Rb8 Kh6 70. Ra8 Kg6 71. Rg8 Kf7 72. Rh8 Ke6
73. Kf4 Ke7 74. Rh7 Kf7 75. Rh8 Ne6+ 76. Ke4 Kg6 77. Rg8+ Ng7 78. Ra8 Nf5 79.
Rg8+ Kf7 80. Rh8 Kg7 81. Ra8 Nxh4 82. Kf4 Nf3 83. Ra7+ Kg6 84. Ra8 Ne5 85. Rg8+
Kf7 86. Ra8 Ng6+ 87. Kf5 Ne7+ 88. Kf4 Kg6 89. Ra5 Ng8 90. Rb5 Nh6 91. Kg3 Nf5+
92. Kf4 Nd4 93. Ra5 Ne6+ 94. Kg3 Ng5 95. Kf4 Nf7 96. Ra8 Nh6 97. Ra1 h4 98. Rh1
h3 99. Rf1 Kh5 100. Kg3 Kg5 101. Kh2 f5 102. Ra1 f4 103. Ra8 f3 104. Rf8 Nf5
105. Rg8+ Kf4 106. Ra8 f2 0-1

[Event "FIDE WCC Rapid 2016 Men"]
[Site "Doha"]
[Date "2016.12.26"]
[Round "4"]
[White "Borisek, Jure"]
[Black "Najer, Evgeniy"]
[Result "1-0"]
[WhiteElo "2561"]
[BlackElo "2679"]
[PlyCount "98"]
[EventDate "2016.??.??"]
[EventType "swiss"]
[EventCountry "QAT"]
[SourceTitle "playchess.com"]
[Source "ChessBase"]

1. e4 c5 2. Nf3 e6 3. d4 cxd4 4. Nxd4 Nc6 5. Nc3 Qc7 6. Be3 a6 7. Qf3 Bd6 8.
O-O-O Be5 9. g3 b5 10. Nxc6 dxc6 11. Bc5 Nf6 12. Qe3 Nd7 13. f4 Nxc5 14. Qxc5
Bxc3 15. bxc3 e5 16. Rd6 O-O 17. Qxe5 Qa5 18. Bd3 Qxa2 19. Kd2 Be6 20. c4 Qa5+
21. Ke3 Rfe8 22. c5 Bd5 23. Qa1 Qc7 24. Kf3 Be6 25. f5 Bc4 26. Bxc4 bxc4 27.
Qd4 Qa5 28. Ra1 Qb5 29. e5 Rf8 30. f6 gxf6 31. Qg4+ Kh8 32. Qf5 fxe5 33. Qf6+
Kg8 34. Qg5+ Kh8 35. Qf6+ Kg8 36. Re1 c3 37. Qg5+ Kh8 38. Qf6+ Kg8 39. Kg2 Qa4
40. Qg5+ Kh8 41. Qf6+ Kg8 42. Rxe5 Qxc2+ 43. Kh3 h6 44. Rd4 Qg6 45. Rg4 Qxg4+
46. Kxg4 c2 47. Qxh6 f5+ 48. Kf3 Rab8 49. Re7 Rb3+ 1-0

[Event "FIDE WCC Rapid 2016 Men"]
[Site "Doha"]
[Date "2016.12.26"]
[Round "4"]
[White "Jobava, Baadur"]
[Black "Mareco, Sandro"]
[Result "1-0"]
[WhiteElo "2702"]
[BlackElo "2635"]
[PlyCount "101"]
[EventDate "2016.??.??"]
[EventType "swiss"]
[EventCountry "QAT"]
[SourceTitle "playchess.com"]
[Source "ChessBase"]

1. d4 Nf6 2. c4 e6 3. Nc3 Bb4 4. e3 O-O 5. Bd3 d5 6. cxd5 exd5 7. Nge2 Re8 8.
Bd2 c6 9. O-O Bf8 10. Rc1 a5 11. f3 b5 12. Ng3 Ba6 13. Nce2 b4 14. Bxa6 Rxa6
15. Qa4 Qd7 16. Qc2 c5 17. dxc5 Rc6 18. Qf5 Qa7 19. Nd4 Rxc5 20. Nge2 Nbd7 21.
Rxc5 Bxc5 22. Rc1 a4 23. b3 axb3 24. axb3 g6 25. Qc2 Ra8 26. h3 Qb6 27. Kf2 Ra3
28. Rd1 Qa6 29. Bc1 Ra2 30. Bb2 Ba7 31. Nc1 Ra5 32. Nd3 Bc5 33. Kg1 Qd6 34. Ra1
Rxa1+ 35. Bxa1 Bb6 36. Qc8+ Kg7 37. Nc2 Nc5 38. Be5 Qe7 39. Ncxb4 Nxd3 40. Nxd3
Bxe3+ 41. Kh2 Qe6 42. Qc3 g5 43. b4 Bb6 44. Nc5 Bxc5 45. bxc5 Qc6 46. Bd6 h6
47. Qb2 Kg6 48. Qb6 Qe8 49. c6 d4 50. c7 Qe6 51. Qc6 1-0

[Event "FIDE WCC Rapid 2016 Men"]
[Site "Doha"]
[Date "2016.12.26"]
[Round "4"]
[White "Tregubov, Pavel V"]
[Black "Jakovenko, Dmitry"]
[Result "1/2-1/2"]
[WhiteElo "2585"]
[BlackElo "2704"]
[PlyCount "51"]
[EventDate "2016.??.??"]
[EventType "swiss"]
[EventCountry "QAT"]
[SourceTitle "playchess.com"]
[Source "ChessBase"]

1. d4 Nf6 2. c4 e6 3. Nc3 Bb4 4. e3 O-O 5. Bd3 d5 6. Nge2 dxc4 7. Bxc4 c5 8. a3
cxd4 9. axb4 dxc3 10. Qxd8 Rxd8 11. Nxc3 Nc6 12. b5 Ne5 13. Be2 Nd3+ 14. Bxd3
Rxd3 15. Ke2 Rd8 16. e4 Bd7 17. Be3 a6 18. bxa6 Rxa6 19. Rhd1 Rxa1 20. Rxa1 Rc8
21. Ra7 Bc6 22. f3 Ne8 23. b4 Nd6 24. Bc5 Nb5 25. Nxb5 Bxb5+ 26. Ke3 1/2-1/2

[Event "FIDE WCC Rapid 2016 Men"]
[Site "Doha"]
[Date "2016.12.26"]
[Round "4"]
[White "Neelotpal, Das"]
[Black "Lalith Babu M R"]
[Result "1/2-1/2"]
[WhiteElo "2463"]
[BlackElo "2587"]
[PlyCount "110"]
[EventDate "2016.??.??"]
[EventType "swiss"]
[EventCountry "QAT"]
[SourceTitle "playchess.com"]
[Source "ChessBase"]

1. e4 e5 2. Nf3 Nc6 3. Bc4 Bc5 4. O-O Nf6 5. d3 O-O 6. Re1 a6 7. c3 d6 8. Bg5
h6 9. Bh4 g5 10. Bg3 Bg4 11. Nbd2 Kg7 12. Nf1 Qe7 13. h3 Bh5 14. Bh2 Ba7 15.
Ng3 Bg6 16. d4 Qd7 17. dxe5 Nxe5 18. Bb3 Nxf3+ 19. Qxf3 Rae8 20. Rad1 Qb5 21.
Nf5+ Bxf5 22. exf5 Rxe1+ 23. Rxe1 Re8 24. Rxe8 Qxe8 25. g4 Qe1+ 26. Kg2 Ne4 27.
Bg3 Nxg3 28. Qxg3 Qd2 29. f6+ Kxf6 30. Qf3+ Qf4 31. Qxf4+ gxf4 32. Kf3 c6 33.
h4 d5 34. Kxf4 Bxf2 35. g5+ hxg5+ 36. hxg5+ Ke7 37. Bd1 Be1 38. a4 Bd2+ 39. Kf5
a5 40. Be2 Bc1 41. b3 Bb2 42. c4 d4 43. Bh5 d3 44. g6 fxg6+ 45. Bxg6 Kd6 46.
Ke4 d2 47. Bh5 Kc5 48. Kd3 Kb4 49. Kc2 Bd4 50. Be2 Be3 51. Bf3 Bh6 52. Be2 Kc5
53. Bg4 Kd4 54. Bh5 Bg5 55. Bg4 Ke5 1/2-1/2

[Event "FIDE WCC Rapid 2016 Men"]
[Site "Doha"]
[Date "2016.12.26"]
[Round "5"]
[White "Darini, Pouria"]
[Black "Mamedov, Rauf"]
[Result "0-1"]
[WhiteElo "2511"]
[BlackElo "2688"]
[PlyCount "86"]
[EventDate "2016.??.??"]
[EventType "swiss"]
[EventCountry "QAT"]
[SourceTitle "playchess.com"]
[Source "ChessBase"]

1. d4 g6 2. e4 Bg7 3. Nc3 a6 4. Be3 d6 5. Qd2 Nd7 6. Nf3 b5 7. a4 b4 8. Ne2
Ngf6 9. Ng3 Ng4 10. Bf4 e5 11. Bg5 f6 12. Be3 Nxe3 13. Qxe3 O-O 14. Bc4+ Kh8
15. O-O Nb6 16. Bb3 a5 17. Rfd1 Qe7 18. h4 h5 19. dxe5 dxe5 20. Nd2 Bg4 21. f3
Be6 22. Bxe6 Qxe6 23. Ngf1 Rfd8 24. Qb3 Qe7 25. Ne3 Qc5 26. Ndf1 Bh6 27. Kf2
Kg7 28. Ke2 Rab8 29. Rd3 Rd4 30. Rad1 Rbd8 31. c3 Rxd3 32. Rxd3 Rxd3 33. Kxd3
Qd6+ 34. Ke2 bxc3 35. bxc3 Qc6 36. Qa3 Nxa4 37. Qe7+ Kg8 38. c4 Bf8 39. Qd8 Kf7
40. Nd2 Qd6 41. Qc8 Nc3+ 42. Ke1 Qd3 43. Qxc7+ Kg8 0-1

[Event "FIDE WCC Rapid 2016 Men"]
[Site "Doha"]
[Date "2016.12.26"]
[Round "5"]
[White "Maghsoodloo, Parham"]
[Black "Ganguly, Surya Shekhar"]
[Result "0-1"]
[WhiteElo "2584"]
[BlackElo "2668"]
[PlyCount "96"]
[EventDate "2016.??.??"]
[EventType "swiss"]
[EventCountry "QAT"]
[SourceTitle "playchess.com"]
[Source "ChessBase"]

1. d4 Nf6 2. c4 e6 3. Nc3 Bb4 4. Qc2 O-O 5. e3 c5 6. dxc5 Na6 7. Nge2 Bxc5 8.
a3 b6 9. b4 Be7 10. Bb2 Bb7 11. Rd1 Rc8 12. Nf4 Qc7 13. Qa4 Qb8 14. Be2 Nc7 15.
O-O Qa8 16. f3 Bc6 17. Qb3 d5 18. cxd5 Ncxd5 19. Ncxd5 Nxd5 20. Nh5 g6 21. Ng3
a5 22. e4 Nf4 23. Qe3 Nxe2+ 24. Nxe2 axb4 25. axb4 Bb5 26. Rf2 Qa4 27. Ra1 Qxb4
28. Ba3 Bc5 29. Qxc5 bxc5 30. Bxb4 cxb4 31. Nd4 Bd3 32. Rd2 Rc3 33. Rad1 Bc4
34. Rb1 b3 35. Kf2 Ra8 36. Ne2 Bxe2 37. Rxe2 Ra2 38. Rxa2 bxa2 39. Rb8+ Kg7 40.
Ra8 Rc2+ 41. Kg3 g5 42. Kh3 h5 43. Kg3 Kg6 44. Ra5 Rb2 45. Kh3 Rc2 46. Kg3 Kf6
47. h4 gxh4+ 48. Kh3 Rc1 0-1

[Event "FIDE WCC Rapid 2016 Men"]
[Site "Doha"]
[Date "2016.12.26"]
[Round "5"]
[White "Aleksandrov, Aleksej"]
[Black "Flores, Diego"]
[Result "1-0"]
[WhiteElo "2574"]
[BlackElo "2579"]
[PlyCount "126"]
[EventDate "2016.??.??"]
[EventType "swiss"]
[EventCountry "QAT"]
[SourceTitle "playchess.com"]
[Source "ChessBase"]

1. d4 Nf6 2. c4 e6 3. Nc3 c5 4. d5 exd5 5. cxd5 d6 6. Nf3 g6 7. Bf4 Bg7 8. Qa4+
Bd7 9. Qb3 b5 10. e3 c4 11. Qa3 O-O 12. Nd4 Re8 13. Be2 Qb6 14. Qxd6 b4 15. Nd1
Qxd6 16. Bxd6 Nxd5 17. Bxc4 Nb6 18. Be2 a5 19. Rc1 Bxd4 20. exd4 Nc6 21. Bc5
Na4 22. b3 Nxc5 23. dxc5 Rac8 24. Ne3 Re5 25. Ba6 Rc7 26. O-O Nb8 27. Bc4 Kg7
28. Bd5 Bc6 29. Rfd1 Na6 30. h4 Bxd5 31. Rxd5 Rxd5 32. Nxd5 Rxc5 33. Rxc5 Nxc5
34. Kf1 f5 35. Ke2 Kf7 36. Ke3 Ke6 37. Kd4 Ne4 38. f3 Ng3 39. Nf4+ Kd6 40. Kc4
Kc6 41. Ne6 Nh5 42. Nd4+ Kb6 43. Ne2 Nf6 44. Kd4 Nd7 45. Kd5 Nc5 46. g4 fxg4
47. fxg4 a4 48. Kc4 axb3 49. axb3 Nd7 50. Kd4 Kb5 51. g5 Nc5 52. Nc1 Ne6+ 53.
Ke5 Ng7 54. Ne2 Nh5 55. Ke6 Kc5 56. Kf7 Kd6 57. Kg8 Ke7 58. Nd4 Nf4 59. Nc6+
Ke6 60. Kxh7 Ng2 61. h5 Nf4 62. hxg6 Nh3 63. g7 Kd5 1-0

[Event "FIDE WCC Rapid 2016 Men"]
[Site "Doha"]
[Date "2016.12.26"]
[Round "5"]
[White "Bosiocic, Marin"]
[Black "Henriquez Villagra, Cristobal"]
[Result "0-1"]
[WhiteElo "2591"]
[BlackElo "2517"]
[PlyCount "117"]
[EventDate "2016.??.??"]
[EventType "swiss"]
[EventCountry "QAT"]
[SourceTitle "playchess.com"]
[Source "ChessBase"]

1. d4 d5 2. Nf3 Nf6 3. c4 c6 4. Nc3 e6 5. Bg5 dxc4 6. a4 Bb4 7. Qc2 Qa5 8. Bxf6
gxf6 9. e3 b5 10. Be2 Bb7 11. O-O Qb6 12. Ne4 Nd7 13. a5 Qc7 14. a6 Bc8 15. b3
f5 16. Nc3 cxb3 17. Nxb5 Qb6 18. Qxb3 Be7 19. d5 cxb5 20. dxe6 fxe6 21. Nd4 Nc5
22. Bh5+ Kf8 23. Qc3 Rg8 24. Bf3 Ne4 25. Qb3 Nd2 26. Qd1 Ne4 27. Bxe4 fxe4 28.
Qh5 Rg7 29. Rac1 Bd7 30. Qe5 Qd6 31. Qxe4 Qd5 32. Qxd5 exd5 33. Rfd1 b4 34. Rc7
Bd8 35. Rc5 Bh3 36. g3 Rc8 37. Rxd5 Bf6 38. f3 Rd7 39. Rb5 Bxd4 40. exd4 Rc2
41. Rxb4 Rg2+ 42. Kh1 Rf2 43. Rb8+ Kf7 44. Rb7 Rxb7 45. axb7 Rb2 46. Kg1 Bd7
47. Ra1 Rxb7 48. Kf2 Bb5 49. Ke3 Ke6 50. g4 Kd5 51. h4 Re7+ 52. Kf4 Kxd4 53.
Kg5 a6 54. Kf6 Rc7 55. f4 Ke4 56. f5 Kf4 57. g5 Rc6+ 58. Kg7 Kxf5 59. Kxh7 0-1